000 00434nam a2200157Ia 4500
003 GCL
008 140319s9999 xx 000 0 eng d
040 _aGCL /
_cGCL
082 0 4 _a620.1
_bK E
100 1 _aKUMAR, K. L
245 1 0 _aENGINEERING FLUID MECHANICS /
_cKUMAR, K. L
260 _a[S.N] :
_bEURASIA PUBLISHING HOUSE(PVT.) LTD ،
_c1995
650 0 4 _aالتحليل الرياضى
650 0 4 _aMECHANICS
942 _2ddc
_cBK
999 _c12126
_d12126